000 00858cam a22002774a 4500
001 16211775
005 20170105102351.0
008 100430s2010 njua 000 0 eng
010 _a 2010015651
020 _a9780136024583
020 _a0136024580
040 _aDLC
_cDLC
050 0 0 _aTJ216
_b.D67 2010
082 0 0 _a629.83
_222
100 1 _aDorf, Richard C.
245 1 0 _aModern control systems
_cRichard C. Dorf, Robert H. Bishop.
250 _a12th ed.
260 _aPrentice Hall :
_bPearson,
_c2010.
300 _axxi, 1082 p. :
_bill. ;
_c24 cm.
504 _aIncludes index.
650 0 _aFeedback control systems.
700 1 _aBishop, Robert H.,
_d1957-
906 _a7
_bcbc
_corignew
_d1
_eecip
_f20
_gy-gencatlg
942 _2ddc
_cBK
999 _c11911
_d11911